Paul Kane's great Nor-West (Record no. 27731)
[ view plain ]
| 000 -LEADER | |
|---|---|
| fixed length control field | 01989nam a2200469Ia 4500 |
| 082 04 - DEWEY DECIMAL CLASSIFICATION NUMBER | |
| Classification number | 971.2/01 |
| 100 1# - MAIN ENTRY--AUTHOR NAME | |
| Personal name | Eaton, Diane F. |
| 245 10 - TITLE STATEMENT | |
| Title | Paul Kane's great Nor-West |
| 260 ## - PUBLICATION, DISTRIBUTION, ETC. (IMPRINT) | |
| Place of publication | Vancouver, BC : |
| Name of publisher | UBC Press, |
| Year of publication | c1995. |
| 300 ## - PHYSICAL DESCRIPTION | |
| Number of Pages | xviii, 158 p. : |
| Other physical details | ill. (some col.), maps, port. |
| 650 #0 - SUBJECT ADDED ENTRY--TOPICAL TERM | |
| Topical Term | Indians of North America |
| Topical Term | Indians of North America |
| Topical Term | Indians of North America |
| Topical Term | Indians of North America |
| 700 1# - ADDED ENTRY--PERSONAL NAME | |
| Personal name | Urbanek, Sheila. |
| 856 40 - ELECTRONIC LOCATION AND ACCESS | |
| Uniform Resource Identifier | http://site.ebrary.com/lib/rucke/Doc?id=10227140 |
No items available.
